| 000 | 00764nam a2200229 a 4500 | ||
|---|---|---|---|
| 005 | 20231021063616.0 | ||
| 008 | 011016s2000 r 000 0 eng d | ||
| 020 | _a9701506162 | ||
| 035 | _aUPN01000113064 | ||
| 049 | _aGC | ||
| 050 | 4 |
_aLB1601 _bG3.2 2000 |
|
| 100 | 1 | _aGarcía Huidobro B., Cecilia | |
| 245 | 1 | 0 |
_aA estudiar se aprende : _bmetodología de estudio sesión por sesión / _cCecilia García-Huidobro B., María Cristina Gutiérrez G., Eliana Condemarín G. |
| 250 | _a4a ed. | ||
| 260 |
_aMéxico : _bAlfaomega, _c2000. |
||
| 300 | _a170 p. | ||
| 650 | 4 |
_aMétodos de estudio _94280 |
|
| 650 | 2 |
_aHábitos de estudio _97045 |
|
| 700 | 1 |
_aGutiérrez G., María Cristina, _ecoaut. |
|
| 700 | 1 |
_aCondemarín G., Eliana, _ecoaut. |
|
| 905 | _aLibro | ||
| 999 |
_c86972 _d86972 |
||